Essentials of grammar /

Bibliographic Details
Main Author: Parisi, Domenico
Other Authors: Antinucci, Francesco
Format: Book
Language:English
Italian
Published: New York : Academic Press, [1976]
Series:Language, thought, and culture.
Subjects:

MARC

Tag First Indicator Second Indicator Subfields
LEADER 00000pam a2200000 i 4500
001 in00000314321
005 20151010162934.0
008 760420s1976 nyua b 00110 eng
010 |a  75032033  
020 |a 0125446500 
035 |a (OCoLC)02201922 
035 |9 ABJ6914AM 
040 |a DLC  |c DLC  |d TXA  |d UtOrBLW 
041 1 |a eng  |a ita 
049 |a TXAM  |c [1402861] 
050 0 0 |a P151  |b .P3313 
082 0 |a 418 
100 1 |a Parisi, Domenico. 
240 1 0 |a Elementi di grammatica. English 
245 1 0 |a Essentials of grammar /  |c Domenico Parisi, Francesco Antinucci ; translated by Elizabeth Bates. 
264 1 |a New York :  |b Academic Press,  |c [1976] 
264 4 |c ©1976 
300 |a x, 181 pages :  |b diagrams ;  |c 24 cm. 
336 |a text  |b txt  |2 rdacontent 
337 |a unmediated  |b n  |2 rdamedia 
338 |a volume  |b nc  |2 rdacarrier 
490 1 |a Language, thought, and culture series 
500 |a Translation of Elementi di grammatica. 
500 |a Includes index. 
504 |a Bibliography: pages 177-178. 
650 0 |a Grammar, Comparative and general. 
650 0 |a Semantics. 
700 1 |a Antinucci, Francesco. 
830 0 |a Language, thought, and culture. 
999 |a MARS 
999 f f |s f2e1af37-8109-37b0-9d9f-55afb7c3ab0d  |i 2cb0af36-ba9e-3f4f-8fc5-a65eca6de4df  |t 0 
952 f f |p ric  |a Texas A&M University  |b Rellis Campus  |c Joint Library Facility  |s JLF  |d Remote Storage  |t 0  |e P151 .P3313  |h Library of Congress classification  |i unmediated -- volume  |m A14803532419 
998 f f |a P151 .P3313  |t 0  |l Remote Storage